| 000 | 00764nam a2200217 i 4500 | ||
|---|---|---|---|
| 001 | 31596 | ||
| 003 | ES-MaACL | ||
| 005 | 20240229062720.0 | ||
| 007 | t| | ||
| 008 | 030129s1913 sp |||| | spa d | ||
| 080 | _a946"1808/14" | ||
| 100 | 1 |
_aBelda Carreras, José _927140 |
|
| 245 | 1 | 0 |
_aEstudio histórico-crítico del sitio de Cádiz _b: 1810 a 1812 / _cJosé Belda Carreras. |
| 260 |
_aMadrid : _b[s.n.], _c1913 ( _fTip. de la Revista de archivos, bibliotecas y museos) |
||
| 300 |
_a44 p. ; _c24 cm. |
||
| 504 | _aBibliografía: p. 44. | ||
| 595 | _aTirada aparte de: Revista de archivos, bibliotecas y museos. | ||
| 651 | 4 |
_aEspaña- _xHistoria- _y1808-1814, Guerra de la Independencia _98244 |
|
| 852 |
_aES-MaACL _jT-1361-F-3 |
||
| 999 |
_c31596 _d31596 |
||